The making of India : a historical survey

Αποθηκεύτηκε σε:
Λεπτομέρειες βιβλιογραφικής εγγραφής
Κύριος συγγραφέας: Vohra, Ranbir
Μορφή: Βιβλίο
Γλώσσα:English
Δημοσίευση: Armonk : M.E. Sharpe, c1997
Θέματα:
Ετικέτες: Προσθήκη ετικέτας
Δεν υπάρχουν, Καταχωρήστε ετικέτα πρώτοι!

MARC

LEADER 00000nam a2200000 i 4500
001 1/80941
008 990514s1997 eng d
020 |a 1-56324-695-3 
035 |l 10050768 
040 |a GR-MY-UA  |b gre  |e aacr 
041 0 |a eng 
082 0 |a 954 
100 1 |a Vohra, Ranbir. 
245 1 4 |a The making of India :  |b a historical survey /  |c Ranbir Vohra 
260 |a Armonk :   |b M.E. Sharpe,   |c c1997 
300 |a 331 p. 
504 |a Includes bibliographical references and index 
651 0 |a India  |x History. 
852 |a INST  |b LESVOS  |e 19990514  |h 954 VOH  |p 005100016361  |q 005100016361  |t BK  |y 0 
901 |a BIBL1-1999-2 
909 |a Λ  |b 061616 
922 |a 1ΕΛΗ  |b 199812  |c ΚΠΣ/ΤΚ  |d ΠΑΠΑΣΩΤΗΡΙΟΥ 
950 |a 103-1998-07-27